| Tag |
First Indicator |
Second Indicator |
Subfields |
| LEADER |
00000cam a2200000 a 4500 |
| 001 |
in00000972795 |
| 005 |
20150927111232.0 |
| 008 |
890425s1988 enkabc b 00110 eng d |
| 010 |
|
|
|z a
|
| 020 |
|
|
|a 0198217749
|
| 035 |
|
|
|a (OCoLC)19598064
|
| 035 |
|
|
|9 AEW0833AM
|
| 040 |
|
|
|a DLM
|c DLM
|d TXA
|d UtOrBLW
|
| 043 |
|
|
|a e-uk---
|
| 049 |
|
|
|a TXAM
|
| 090 |
|
|
|a DA426
|b .A15 1988
|
| 100 |
1 |
|
|a Cromwell, Oliver,
|d 1599-1658.
|
| 240 |
1 |
0 |
|a Works.
|f 1970
|
| 245 |
1 |
4 |
|a The writings and speeches of Oliver Cromwell /
|c with an introd., notes and a sketch of his life by Wilbur Cortez Abbott, with the assistance of Catherine D. Crane.
|
| 264 |
|
1 |
|a Oxford, England ;
|a New York :
|b Clarendon Press,
|c 1988.
|
| 300 |
|
|
|a 4 volumes :
|b illustrations, maps, portraits ;
|c 25 cm.
|
| 336 |
|
|
|a text
|b txt
|2 rdacontent
|
| 337 |
|
|
|a unmediated
|b n
|2 rdamedia
|
| 338 |
|
|
|a volume
|b nc
|2 rdacarrier
|
| 500 |
|
|
|a Volumes 3-4, with the assistance of Catherine D. Crane and Madeleine R. Gleason.
|
| 504 |
|
|
|a Bibliography: volume 4, pages [957]-972.
|
| 505 |
0 |
|
|a v. 1. 1599-1649 -- v 2. The Commonwealth, 1649-1653 -- v. 3. The Protectorate, 1653-1655 -- v. 4. The Protectorate, 1655-1658.
|
| 500 |
|
|
|a Includes index.
|
| 651 |
|
0 |
|a Great Britain
|x History
|y Commonwealth and Protectorate, 1649-1660.
|
| 700 |
1 |
|
|a Abbott, Wilbur Cortez,
|d 1869-1947.
|
| 999 |
|
|
|a MARS
|
| 999 |
f |
f |
|s 293c6a4a-6e51-3a88-9524-a4931982c270
|i f6381021-707d-3b33-87e5-10ac79da363f
|t 0
|
| 952 |
f |
f |
|p normal
|a Texas A&M University
|b College Station
|c Sterling C. Evans Library
|d Evans: Library Stacks
|t 0
|e DA426 .A15 1988
|h Library of Congress classification
|i unmediated -- volume
|k v.4
|m A14814025598
|
| 952 |
f |
f |
|p normal
|a Texas A&M University
|b College Station
|c Sterling C. Evans Library
|d Evans: Library Stacks
|t 0
|e DA426 .A15 1988
|h Library of Congress classification
|i unmediated -- volume
|k v.1
|m A14814025548
|
| 952 |
f |
f |
|p normal
|a Texas A&M University
|b College Station
|c Sterling C. Evans Library
|d Evans: Library Stacks
|t 0
|e DA426 .A15 1988
|h Library of Congress classification
|i unmediated -- volume
|k v.3
|m A14814025580
|
| 952 |
f |
f |
|p normal
|a Texas A&M University
|b College Station
|c Sterling C. Evans Library
|d Evans: Library Stacks
|t 0
|e DA426 .A15 1988
|h Library of Congress classification
|i unmediated -- volume
|k v.2
|m A14814025556
|
| 998 |
f |
f |
|a DA426 .A15 1988
|s v.1-v.4
|t 0
|l Evans: Library Stacks
|